000 00857nam a2200253Ia 4500
003 OSt
005 20221005112750.0
006 a|||||r|||| 00| 0
007 ta
008 221004b |||||||| |||| 00| 0 pan d
020 _c490
024 _a117391
037 _b572, 03/02/2012, H.K. Prakashan
_cTextual
040 _aCRL
_cCRL
_bpan
041 _2pan
_apan
082 _aQ8441:21:g(NR), 153N8
100 _aਰਘਬੀਰ ਸਿੰਘ
245 0 _aਸੰਗੀਤ ਸਿਖਿਆ
_b ਗਾਵਹੁ ਸਚੀ ਬਾਣੀ
260 _aਦਿੱਲੀ
_bਆਰਸੀ ਪਬਲਿਰਗ਼ ਭਾਰਤ
_c1998
300 _a528ਪੰ
_ccm.
650 _aਧOਰੁ Fਸੱਢ
942 _hQ8441:21:g(NR), 153N8
_cTEXL
_2cc
999 _c1025903
_d1025903